[Event "XXXV C.to Italiano ASCI"]
[Site "Folgaria ITA"]
[Date "2007.07.06"]
[Round "8"]
[White "Vrioni, Bersan"]
[Black "Papa, Pasquale"]
[Result "1/2-1/2"]
[WhiteElo "1569"]
[BlackElo "1631"]
[PlyCount "102"]
[EventDate "2007.06.30"]

1. d4 d5 2. c4 e6 3. Nc3 Nf6 4. Bg5 Nbd7 5. cxd5 exd5 6. Nf3 Be7 7. e3 O-O 8.
Bd3 Re8 9. O-O h6 10. Bh4 c6 11. h3 Ne4 12. Bxe7 Qxe7 13. Qb3 Ndf6 14. Ne5 Nd2
15. Qc2 Nxf1 16. Rxf1 Be6 17. a3 Rad8 18. Na4 Qc7 19. Rc1 Rc8 20. Nc3 a6 21. f4
Qe7 22. Na4 Rc7 23. Nb6 Bd7 24. g4 Be6 25. b4 Bc8 26. Kh1 Qd8 27. Qg2 Rce7 28.
Na4 Ne4 29. Bxe4 dxe4 30. Rc5 Be6 31. Nc3 f6 32. Ng6 Rd7 33. f5 Bd5 34. Ne2 b6
35. Rc1 Qc7 36. Ngf4 Bb3 37. h4 c5 38. bxc5 bxc5 39. Rxc5 Qb6 40. Ng6 Rc7 41.
Rxc7 Qxc7 42. g5 fxg5 43. hxg5 Bd1 44. gxh6 Bxe2 45. h7+ Kxh7 46. Qxe2 Qg3 47.
Qh5+ Kg8 48. Ne5 Re7 49. Ng6 Re8 50. Qh8+ Kf7 51. Ne5+ Rxe5 1/2-1/2

[Event "XXXIX C.to Italiano a squadre A1"]
[Site "ITA"]
[Date "2007.02.18"]
[Round "1"]
[White "Cacco, Christian"]
[Black "Di Fonzo, Valerio"]
[Result "1/2-1/2"]
[WhiteElo "2291"]
[BlackElo "2212"]
[PlyCount "73"]
[EventDate "2007.02.18"]

1. d4 Nf6 2. Nf3 g6 3. c4 Bg7 4. Nc3 d5 5. e3 O-O 6. Be2 dxc4 7. Bxc4 c5 8. O-O
cxd4 9. exd4 Nbd7 10. h3 Nb6 11. Bb3 Nbd5 12. Re1 e6 13. Bg5 Nxc3 14. bxc3 h6
15. Bxf6 Qxf6 16. Bc2 Bd7 17. Ne5 Rfd8 18. Ba4 Bxa4 19. Qxa4 Qe7 20. Rab1 Bxe5
21. Rxe5 b6 22. Rbe1 Qc7 23. R5e3 a6 24. Qb4 Rd5 25. Re5 Rxe5 26. Rxe5 Rc8 27.
Re3 b5 28. a3 Kg7 29. Rf3 Qd7 30. Qa5 Rc6 31. a4 Qc7 32. Qxc7 Rxc7 33. axb5
axb5 34. Kf1 Rc4 35. Rd3 b4 36. cxb4 Rxb4 37. d5 1/2-1/2

[Event "XXXIX C.to Italiano a squadre A1"]
[Site "ITA"]
[Date "2007.02.18"]
[Round "1"]
[White "Cereda, Mauro K."]
[Black "Simoli, Sergio"]
[Result "1-0"]
[WhiteElo "1718"]
[BlackElo "2268"]
[PlyCount "109"]
[EventDate "2007.02.18"]

1. d4 Nf6 2. c4 c5 3. d5 b5 4. Nf3 g6 5. Nbd2 Bg7 6. e4 d6 7. Bd3 O-O 8. h3
Nbd7 9. O-O bxc4 10. Nxc4 Nb6 11. Qe2 Nxc4 12. Bxc4 Rb8 13. Bf4 Nd7 14. Rab1
Nb6 15. b3 Nxc4 16. bxc4 Ba6 17. Qc2 Rb4 18. Rxb4 cxb4 19. e5 Qd7 20. Rb1 Rc8
21. Rxb4 dxe5 22. Bxe5 Bxe5 23. Nxe5 Qxd5 24. Qxg6+ hxg6 25. cxd5 Rc1+ 26. Kh2
Rc2 27. Ra4 Bb7 28. Nc6 a6 29. Nxe7+ Kf8 30. Rb4 Ba8 31. d6 Ke8 32. Rb8+ Kd7
33. Rxa8 Rxa2 34. Kg3 Kxd6 35. Ra7 a5 36. Nc8+ Ke6 37. Nb6 Ra1 38. Ra6 Kf5 39.
Nc4 a4 40. Nb6 a3 41. Nc4 a2 42. Ne3+ Ke4 43. Nc2 Rb1 44. Rxa2 f5 45. Ra4+ Kd3
46. Ne3 Ke2 47. Nxf5 gxf5 48. Rf4 Rb3+ 49. Rf3 Rb5 50. h4 Kf1 51. Kh3 Ra5 52.
g3 Kg1 53. Rf4 Rb5 54. h5 Ra5 55. Kh4 1-0

[Event "XXXIX C.to Italiano a squadre A1"]
[Site "ITA"]
[Date "2007.02.18"]
[Round "1"]
[White "De Poi, Paolo"]
[Black "Passoni, Carlo"]
[Result "1-0"]
[WhiteElo "2209"]
[BlackElo "2251"]
[PlyCount "111"]
[EventDate "2007.02.18"]

1. d4 Nf6 2. c4 e6 3. Nf3 c5 4. d5 b5 5. Bg5 exd5 6. cxd5 Qb6 7. e4 Bb7 8. Nbd2
Be7 9. d6 Qxd6 10. e5 Bxf3 11. Nxf3 Qe6 12. Bxb5 Ng4 13. Bxe7 Kxe7 14. O-O Rc8
15. Qd3 Nc6 16. Bxc6 Rxc6 17. Qxh7 Nh6 18. Rfe1 Rb8 19. b3 Rb4 20. Qxg7 Rg4 21.
Qf6+ Ke8 22. Qxe6+ dxe6 23. h3 Rf4 24. Rac1 Nf5 25. Re2 Kf8 26. Rec2 Ra6 27.
Rd2 Ra5 28. Kf1 Ne7 29. Nh2 Nd5 30. Ng4 Kg7 31. g3 Rf3 32. Kg2 Rc3 33. Rxc3
Nxc3 34. a4 Nd5 35. Rc2 Nb4 36. Rc4 Nc6 37. Rc3 Nd4 38. Ne3 Ra6 39. Nc4 Rc6 40.
f4 Rc8 41. Nd6 Rb8 42. Rxc5 Rxb3 43. Rc7 Rb2+ 44. Kf1 Ne2 45. Rxf7+ Kg8 46. g4
Ng3+ 47. Ke1 Rh2 48. Rxa7 Rxh3 49. Kf2 Nh1+ 50. Kg2 Rh4 51. a5 Rxg4+ 52. Kxh1
Rxf4 53. a6 Ra4 54. Kg2 Ra5 55. Kf3 Rxe5 56. Rb7 1-0

[Event "XXXIX C.to Italiano a squadre A1"]
[Site "ITA"]
[Date "2007.02.18"]
[Round "1"]
[White "Fabris, Alberto"]
[Black "Radice, Luca"]
[Result "0-1"]
[WhiteElo "2216"]
[BlackElo "2076"]
[PlyCount "76"]
[EventDate "2007.02.18"]

1. d4 d5 2. Nf3 Nf6 3. g3 c6 4. Bg2 Bf5 5. O-O e6 6. b3 Nbd7 7. Bb2 Be7 8. c4
h6 9. Nc3 O-O 10. Rc1 Ne4 11. Nxe4 Bxe4 12. c5 Qc7 13. b4 Bf6 14. Qb3 e5 15. e3
Rfe8 16. a4 exd4 17. exd4 Nf8 18. b5 Ne6 19. Rfd1 Rab8 20. Bc3 g5 21. h3 Bg7
22. Qb2 f5 23. Re1 Qf7 24. Qd2 Qh5 25. Nh2 Bxg2 26. Kxg2 f4 27. Rb1 Qg6 28.
bxc6 bxc6 29. Rxb8 Rxb8 30. Nf3 fxg3 31. fxg3 Rf8 32. Qe3 Re8 33. Ne5 Bxe5 34.
dxe5 Qc2+ 35. Re2 Qxa4 36. Qd3 Qc4 37. Qg6+ Ng7 38. Rc2 Re6 0-1

[Event "XXXIX C.to Italiano a squadre A1"]
[Site "ITA"]
[Date "2007.02.18"]
[Round "1"]
[White "Marelli, Mauro"]
[Black "Guerra, Alessandro"]
[Result "0-1"]
[WhiteElo "2256"]
[BlackElo "2195"]
[PlyCount "102"]
[EventDate "2007.02.18"]

1. d4 d5 2. c4 e6 3. Nc3 Nf6 4. Bg5 Nbd7 5. e3 Be7 6. Nf3 c6 7. Bd3 h6 8. Bh4
O-O 9. O-O dxc4 10. Bxc4 b5 11. Bd3 a6 12. Rc1 c5 13. Ne4 c4 14. Nxf6+ Nxf6 15.
Bb1 Bb7 16. Qe2 Nd7 17. Bg3 Qb6 18. e4 Rae8 19. Rcd1 f5 20. Ne5 Nxe5 21. Bxe5
Bd6 22. Bxd6 Qxd6 23. Rfe1 e5 24. d5 f4 25. f3 Rc8 26. Rc1 a5 27. b3 Qc5+ 28.
Kh1 c3 29. Bd3 b4 30. Rc2 Rf6 31. h3 Rg6 32. Bc4 Qd6 33. Qd3 Rc7 34. Rd1 Bc8
35. Qf1 Rg3 36. Kh2 g5 37. Qf2 h5 38. Qf1 Kf8 39. Bb5 Kg7 40. Bc6 g4 41. Bb5
Kh8 42. fxg4 hxg4 43. Rd3 Rxd3 44. Bxd3 Rh7 45. Qe1 g3+ 46. Kg1 Qc5+ 47. Kf1
Rxh3 48. gxh3 Bxh3+ 49. Ke2 Qe3+ 50. Kd1 Bg4+ 51. Be2 f3 0-1

[Event "XXXIX C.to Italiano a squadre A1"]
[Site "ITA"]
[Date "2007.02.18"]
[Round "1"]
[White "Mauro, Alan"]
[Black "Iotti, Pierluigi"]
[Result "1/2-1/2"]
[WhiteElo "2195"]
[BlackElo "2294"]
[PlyCount "65"]
[EventDate "2007.02.18"]

1. e4 e6 2. d4 d5 3. Nc3 Bb4 4. Bd3 dxe4 5. Bxe4 Nf6 6. Bf3 c5 7. Nge2 Nc6 8.
Be3 cxd4 9. Nxd4 Ne5 10. Be2 Nd5 11. Ndb5 O-O 12. Bd4 Nc6 13. O-O Nf4 14. Be3
Nxe2+ 15. Qxe2 a6 16. Rad1 Qe7 17. a3 Bc5 18. Bxc5 Qxc5 19. b4 Qe5 20. Qxe5
Nxe5 21. Nd6 b5 22. Nce4 Bd7 23. f4 Ng4 24. Rf3 Bc6 25. Rc3 Bxe4 26. Nxe4 Rfd8
27. Rcd3 Rxd3 28. Rxd3 Nf6 29. Nc5 g6 30. Rd6 a5 31. Rb6 axb4 32. axb4 Ra2 33.
Rxb5 1/2-1/2

[Event "XXXIX C.to Italiano a squadre A1"]
[Site "ITA"]
[Date "2007.02.18"]
[Round "1"]
[White "Micheli, Carlo"]
[Black "Sbarra, Marco"]
[Result "0-1"]
[WhiteElo "2290"]
[BlackElo "2290"]
[PlyCount "114"]
[EventDate "2007.02.18"]

1. e4 e5 2. Nf3 Nc6 3. Bb5 a6 4. Ba4 Nf6 5. d3 b5 6. Bb3 Bc5 7. O-O d6 8. a4 b4
9. c3 bxc3 10. bxc3 O-O 11. Nbd2 Rb8 12. Nc4 Bg4 13. Ba2 h6 14. h3 Bd7 15. d4
Ba7 16. d5 Ne7 17. Re1 Nh7 18. Bb1 f5 19. exf5 Bxf5 20. Be3 Bxe3 21. Nxe3 Bxb1
22. Rxb1 Rxb1 23. Qxb1 Qa8 24. Qb3 Nf6 25. Rd1 Nd7 26. Qc4 Qa7 27. Qg4 Nc5 28.
g3 Qb6 29. Nh4 Qb3 30. Rf1 Qxa4 31. c4 Qd7 32. Qxd7 Nxd7 33. Ra1 Nc5 34. Rb1 a5
35. Kg2 a4 36. Nf3 Ra8 37. Nd2 Kf7 38. Kf3 a3 39. Ra1 a2 40. Nc2 Ra4 41. g4 Ng6
42. Ke3 Nf4 43. Rh1 g5 44. f3 Ng6 45. Ra1 Ne7 46. Ke2 c6 47. Ne3 cxd5 48. cxd5
Ng6 49. Nf5 Nf4+ 50. Kd1 Ra6 51. Kc2 Nxd5 52. Nc4 Ke6 53. Kb2 Nb4 54. Kc3 Ncd3
55. Kb3 d5 56. Nd2 Rc6 57. Ne3 Rc8 0-1

[Event "XXXIX C.to Italiano a squadre A1"]
[Site "ITA"]
[Date "2007.02.18"]
[Round "1"]
[White "Trabattoni, Franco"]
[Black "Tamai, Roberto"]
[Result "0-1"]
[WhiteElo "2329"]
[BlackElo "2286"]
[PlyCount "114"]
[EventDate "2007.02.18"]

1. e4 e5 2. Nf3 Nc6 3. Bb5 d6 4. O-O Bd7 5. c3 g6 6. d4 Bg7 7. Bg5 Nge7 8. Na3
h6 9. Be3 O-O 10. dxe5 dxe5 11. Qd2 Kh7 12. Rad1 Be6 13. Qc2 Qc8 14. Bc5 Re8
15. b4 g5 16. Bxe7 Rxe7 17. Rfe1 a5 18. Bxc6 axb4 19. cxb4 Rxa3 20. Bd5 Bh3 21.
Rd3 Qg4 22. g3 Rxd3 23. Qxd3 c6 24. Bc4 Rd7 25. Qb3 Qh5 26. Rd1 Rxd1+ 27. Qxd1
Bg4 28. Be2 Kg8 29. h3 Bxf3 30. Bxf3 Qg6 31. a3 Bf8 32. Qd7 b6 33. Qe8 Qf6 34.
Kg2 Kg7 35. Qc8 c5 36. b5 c4 37. a4 Bc5 38. a5 Qd6 39. axb6 Qd4 40. h4 Qxf2+
41. Kh3 Qxf3 42. Qxc5 Qh1+ 43. Kg4 Qxe4+ 44. Kh3 g4+ 45. Kh2 Qe2+ 46. Kg1 Qe1+
47. Kg2 c3 48. b7 Qe4+ 49. Kh2 Qxb7 50. Qxe5+ f6 51. Qf5 Qf3 52. Qd7+ Kg6 53.
Qe8+ Kf5 54. Qd7+ Ke4 55. Qh7+ Ke3 56. Qa7+ Ke2 57. Qe7+ Kf1 0-1

[Event "XXXIX C.to Italiano a squadre A1"]
[Site "ITA"]
[Date "2007.03.04"]
[Round "2"]
[White "Capaliku, Aleks"]
[Black "Cereda, Mauro K."]
[Result "1/2-1/2"]
[WhiteElo "2107"]
[BlackElo "1718"]
[PlyCount "150"]
[EventDate "2007.02.18"]

1. f4 g6 2. Nf3 d6 3. d4 Bg7 4. e4 Nf6 5. Bd3 c5 6. dxc5 Qa5+ 7. c3 Qxc5 8. Qe2
Nc6 9. Be3 Qh5 10. O-O Ng4 11. Bd2 Qc5+ 12. Kh1 Bd7 13. h3 h5 14. Na3 a6 15.
Nc4 b5 16. Ne3 e6 17. g3 Nf6 18. Kg2 Qa7 19. e5 dxe5 20. fxe5 Nh7 21. Nc2 Qc7
22. Rae1 Ne7 23. Ng5 Bc6+ 24. Kh2 Nxg5 25. Bxg5 Nf5 26. Be4 h4 27. Bxc6+ Qxc6
28. gxh4 Qc7 29. Rf4 Ra7 30. Qe4 Qb7 31. Nd4 Qxe4 32. Rfxe4 Rd7 33. Rd1 Rd5 34.
Rde1 Rh5 35. Nxf5 gxf5 36. Rd4 Kd7 37. Rxd5+ exd5 38. Kg3 Ke6 39. Bf6 Bxf6 40.
exf6+ Kxf6 41. Re8 Rh6 42. Ra8 Ke5 43. Ra7 f4+ 44. Kg2 Rg6+ 45. Kf2 Rg3 46.
Rxf7 Rxh3 47. Rh7 Rh2+ 48. Kf3 Rh3+ 49. Kg2 Rg3+ 50. Kf2 Rh3 51. Kg2 Rd3 52. h5
Rd2+ 53. Kh3 Ke4 54. h6 Kf3 55. Ra7 Rd1 56. Kh4 Rh1+ 57. Kg5 Rg1+ 58. Kf6 Ke2
59. h7 Rh1 60. Kg7 Rg1+ 61. Kf8 Rh1 62. Kg8 f3 63. Rxa6 Rg1+ 64. Kf7 f2 65.
h8=Q f1=Q+ 66. Rf6 Qg2 67. Re6+ Kd1 68. Qd4+ Kc1 69. Qf4+ Kxb2 70. Qb4+ Ka1 71.
Ke7 Qxa2 72. Qxb5 Rb1 73. Qa6 Rh1 74. Qxa2+ Kxa2 75. Kd6 Kb3 1/2-1/2

[Event "XXXIX C.to Italiano a squadre A1"]
[Site "ITA"]
[Date "2007.03.04"]
[Round "2"]
[White "Citti, Gianluca"]
[Black "Mauro, Alan"]
[Result "0-1"]
[WhiteElo "2125"]
[BlackElo "2195"]
[PlyCount "176"]
[EventDate "2007.02.18"]

1. e4 g6 2. d4 Bg7 3. Nc3 d6 4. g3 Nc6 5. d5 Nb8 6. Bg2 Nf6 7. Nge2 O-O 8. O-O
c6 9. h3 Nbd7 10. Be3 Qc7 11. Qc1 cxd5 12. Nxd5 Nxd5 13. exd5 Nb6 14. c3 Bd7
15. Bh6 Bb5 16. Bxg7 Kxg7 17. Re1 Bxe2 18. Rxe2 Rfe8 19. Re4 h6 20. Rh4 Rh8 21.
Qd2 Nd7 22. Re1 Nf6 23. Qe2 Rae8 24. Rc4 Qa5 25. b4 Qb6 26. Qe3 Qb5 27. Rc7
Nxd5 28. Qd4+ Nf6 29. Rxb7 Qa4 30. Rxa7 Qc2 31. a4 e5 32. Qc4 Rhf8 33. b5 d5
34. Bxd5 Qd2 35. Bxf7 Qxe1+ 36. Kg2 Ra8 37. Rc7 Kh8 38. Bxg6 Nd7 39. Bf7 Rxf7
40. Qxf7 Rf8 41. Rxd7 Rxf7 42. Rxf7 Qe4+ 43. Kg1 Kg8 44. Rc7 Qd3 45. Rc5 e4 46.
Re5 Qd1+ 47. Kg2 Qxa4 48. g4 Kf7 49. f3 Qc2+ 50. Kg3 exf3 51. Rf5+ Kg6 52. Rxf3
Qb1 53. Rf5 Qd3+ 54. Kg2 Qxc3 55. Kh2 Qc2+ 56. Kg3 Qb2 57. Kf3 Qh2 58. Rh5 Qd2
59. Rf5 Qd3+ 60. Kg2 Qc3 61. Kh2 Qd2+ 62. Kg3 Qe2 63. Rh5 Qf1 64. Rf5 Qg1+ 65.
Kf3 Qh2 66. Rh5 Kg7 67. Ke4 Kf7 68. Kf3 Ke6 69. Ke4 Qe2+ 70. Kf4 Kd7 71. Kg3
Kc7 72. b6+ Kb7 73. Rf5 Kxb6 74. Rh5 Qe3+ 75. Kg2 Kc6 76. Rf5 Kd6 77. Rh5 Ke6
78. Rf5 Qd2+ 79. Kg1 Qe2 80. Kh1 h5 81. Rxh5 Qf2 82. Rf5 Qg3 83. Rh5 Kf6 84.
Rf5+ Kg7 85. Rg5+ Kh6 86. Rh5+ Kg6 87. h4 Qh3+ 88. Kg1 Qxg4+ 0-1

[Event "XXXIX C.to Italiano a squadre A1"]
[Site "ITA"]
[Date "2007.03.04"]
[Round "2"]
[White "De Poi, Paolo"]
[Black "Marelli, Mauro"]
[Result "1/2-1/2"]
[WhiteElo "2209"]
[BlackElo "2256"]
[PlyCount "58"]
[EventDate "2007.02.18"]

1. d4 Nf6 2. c4 e6 3. Nf3 d5 4. Nc3 c6 5. Bg5 Nbd7 6. e3 Qa5 7. Nd2 dxc4 8.
Bxf6 Nxf6 9. Nxc4 Qc7 10. Bd3 Bd6 11. f4 Nd5 12. O-O Nxc3 13. bxc3 b5 14. Ne5
O-O 15. Rf3 f5 16. Rh3 Bxe5 17. dxe5 Qe7 18. Qb3 a5 19. a4 bxa4 20. Rxa4 Ba6
21. Bxa6 Rxa6 22. Qc4 Rb6 23. Ra1 Rfb8 24. Rf3 Qd7 25. h3 Rb1+ 26. Rf1 Rxf1+
27. Rxf1 Qd5 28. Qxd5 cxd5 29. Ra1 Rb5 1/2-1/2

[Event "XXXIX C.to Italiano a squadre A1"]
[Site "ITA"]
[Date "2007.03.04"]
[Round "2"]
[White "Di Fonzo, Valerio"]
[Black "Tamai, Roberto"]
[Result "1-0"]
[WhiteElo "2212"]
[BlackElo "2286"]
[PlyCount "51"]
[EventDate "2007.02.18"]

1. e4 e5 2. Nf3 Nc6 3. Nc3 Nf6 4. d4 exd4 5. Nxd4 Bb4 6. Nxc6 bxc6 7. Bd3 d5 8.
exd5 cxd5 9. O-O O-O 10. Bg5 c6 11. Qf3 Be7 12. h3 Qb6 13. Rae1 Be6 14. Nd1 d4
15. Qg3 Qd8 16. Qh4 h6 17. Bxh6 gxh6 18. Qxh6 Qd5 19. g4 Rfe8 20. f4 Bf8 21.
Qxf6 Bg7 22. Qh4 Qd6 23. f5 Bd5 24. Rxe8+ Rxe8 25. f6 Bh6 26. g5 1-0

[Event "XXXIX C.to Italiano a squadre A1"]
[Site "ITA"]
[Date "2007.03.04"]
[Round "2"]
[White "Lapiccirella, Mattia"]
[Black "Sbarra, Marco"]
[Result "0-1"]
[WhiteElo "2237"]
[BlackElo "2290"]
[PlyCount "46"]
[EventDate "2007.02.18"]

1. d4 d5 2. Nf3 e6 3. c4 c5 4. cxd5 exd5 5. g3 Nc6 6. Bg2 Nf6 7. O-O Be7 8. Nc3
O-O 9. Bg5 Be6 10. dxc5 Bxc5 11. Rc1 Bb6 12. Na4 h6 13. Bf4 Re8 14. a3 Bg4 15.
Qd3 Qd7 16. Nxb6 axb6 17. Nd4 Ra4 18. b4 Rxa3 19. Qxa3 Nxd4 20. Rc7 Nxe2+ 21.
Kh1 Qf5 22. f3 Bh3 23. Bd2 Nxg3+ 0-1

[Event "XXXIX C.to Italiano a squadre A1"]
[Site "ITA"]
[Date "2007.03.04"]
[Round "2"]
[White "Radice, Luca"]
[Black "Tonon, Alessandro"]
[Result "0-1"]
[WhiteElo "2076"]
[BlackElo "2186"]
[PlyCount "68"]
[EventDate "2007.02.18"]

1. d4 Nf6 2. Nf3 c5 3. e3 g6 4. Be2 Bg7 5. O-O O-O 6. b3 d5 7. Bb2 Ne4 8. Nbd2
Nc6 9. c4 Bf5 10. cxd5 Qxd5 11. Bc4 Qd7 12. Nxe4 Bxe4 13. Qe2 Qg4 14. h3 Bxf3
15. hxg4 Bxe2 16. Bxe2 cxd4 17. exd4 Bxd4 18. Bxd4 Nxd4 19. Bc4 Rfd8 20. Rfd1
Rac8 21. Rac1 Kg7 22. Kf1 h6 23. Ke1 Rc6 24. Rc3 b5 25. Rcd3 Rcd6 26. Rxd4 Rxd4
27. Rxd4 Rxd4 28. Bxb5 Rxg4 29. Bc6 Kf6 30. Kd2 Ke5 31. Kc3 Kd6 32. Bf3 Rf4 33.
b4 h5 34. a4 Rxf3+ 0-1

[Event "XXXIX C.to Italiano a squadre A1"]
[Site "ITA"]
[Date "2007.03.18"]
[Round "3"]
[White "Cereda, Mauro K."]
[Black "Mariani, Claudio"]
[Result "1-0"]
[WhiteElo "1718"]
[BlackElo "2152"]
[PlyCount "71"]
[EventDate "2007.02.18"]

1. d4 c5 2. d5 e6 3. c4 exd5 4. cxd5 d6 5. Nc3 g6 6. e4 Bg7 7. f4 a6 8. Nf3 Nf6
9. Bd3 O-O 10. O-O b5 11. Ne2 Bg4 12. Ng3 Nbd7 13. h3 Bxf3 14. Qxf3 Re8 15. Bd2
c4 16. Bc2 Nc5 17. Rae1 Qd7 18. Nh1 Qb7 19. g4 b4 20. Bb1 Rac8 21. Ng3 Na4 22.
e5 dxe5 23. fxe5 Nxd5 24. Be4 Rcd8 25. Nf5 gxf5 26. Qxf5 Rxe5 27. Qxh7+ Kf8 28.
Rf2 Qb6 29. g5 c3 30. bxc3 bxc3 31. Bc1 Qd4 32. Kg2 Rxe4 33. Rxe4 Qc5 34. g6 f6
35. Bh6 Qc7 36. Qh8# 1-0

[Event "XXXIX C.to Italiano a squadre A1"]
[Site "ITA"]
[Date "2007.03.18"]
[Round "3"]
[White "Lapiccirella, Daniele"]
[Black "Gabetto, Flaviano"]
[Result "1/2-1/2"]
[WhiteElo "2153"]
[BlackElo "2121"]
[PlyCount "85"]
[EventDate "2007.02.18"]

1. d4 Nf6 2. c4 c5 3. dxc5 e6 4. Nc3 Bxc5 5. Nf3 a6 6. e3 O-O 7. Be2 Nc6 8. O-O
Qc7 9. a3 Ng4 10. h3 Nge5 11. Nd4 Ba7 12. b3 Bb8 13. g3 b6 14. Bb2 Bb7 15. Rc1
Qd8 16. f4 Qf6 17. Kh2 Qh6 18. Qd2 f5 19. Nxc6 Bxc6 20. fxe5 Bxe5 21. Bf3 Qg5
22. Ne2 Bxb2 23. Qxb2 Qxe3 24. Bxc6 dxc6 25. Rc3 Qe5 26. Rc2 Qc7 27. Rd2 e5 28.
Rfd1 Rf7 29. Rd6 f4 30. gxf4 exf4 31. Qd4 Raf8 32. Rd8 Qe7 33. Rxf8+ Rxf8 34.
Rd2 g5 35. Nc3 g4 36. Qe4 Qh4 37. Qe6+ Kh8 38. Qxg4 Qe1 39. Qg2 f3 40. Qf2 Qe5+
41. Kg1 Qxc3 42. Qd4+ Qxd4+ 43. Rxd4 1/2-1/2

[Event "XXXIX C.to Italiano a squadre A1"]
[Site "ITA"]
[Date "2007.03.18"]
[Round "3"]
[White "Mauro, Alan"]
[Black "Ubezio, Marco"]
[Result "1-0"]
[WhiteElo "2195"]
[BlackElo "2175"]
[PlyCount "99"]
[EventDate "2007.02.18"]

1. e4 Nf6 2. Nc3 d5 3. e5 d4 4. exf6 dxc3 5. bxc3 exf6 6. d4 Bd6 7. Bd3 O-O 8.
Ne2 c5 9. O-O Nc6 10. Be3 f5 11. dxc5 Bc7 12. Nd4 Nxd4 13. Bxd4 Qh4 14. g3 Qh3
15. Re1 f4 16. Bf1 Qh6 17. Qf3 Rb8 18. Re7 Bd8 19. Re5 Bd7 20. Bd3 Bc6 21. Be4
Bc7 22. Bxc6 Bxe5 23. Bxe5 bxc6 24. Bxb8 Rxb8 25. Rd1 fxg3 26. hxg3 Qe6 27. Qd3
Re8 28. a3 h6 29. Qf3 Rb8 30. Kg2 Rc8 31. Rd6 Qe8 32. c4 Kf8 33. a4 Kg8 34. a5
a6 35. Qe3 Kf8 36. Kf3 Qxe3+ 37. fxe3 Ke7 38. e4 Rc7 39. e5 Rc8 40. Ke4 Rc7 41.
e6 f6 42. Kf5 g5 43. g4 h5 44. gxh5 g4 45. Kxg4 Rc8 46. Kf5 Rh8 47. Rd7+ Ke8
48. Kg6 f5 49. h6 f4 50. Kg7 1-0

[Event "XXXIX C.to Italiano a squadre A1"]
[Site "ITA"]
[Date "2007.03.18"]
[Round "3"]
[White "Passoni, Carlo"]
[Black "Marelli, Mauro"]
[Result "1-0"]
[WhiteElo "2251"]
[BlackElo "2256"]
[PlyCount "76"]
[EventDate "2007.02.18"]

1. e4 c5 2. Nf3 e6 3. d4 cxd4 4. Nxd4 a6 5. Nc3 Qc7 6. Bd3 Nc6 7. Be3 Nf6 8.
O-O d6 9. Nxc6 bxc6 10. f4 e5 11. Kh1 Be7 12. Na4 Nd7 13. c4 exf4 14. Bxf4 Ne5
15. c5 Be6 16. Bxe5 dxe5 17. Qe2 O-O 18. Bc4 Bxc4 19. Qxc4 Qa5 20. Nb6 Rad8 21.
b4 Qa3 22. Rf3 Qb2 23. Raf1 Rd4 24. Qxa6 Qxb4 25. Qb7 Bf6 26. Qxc6 Rfd8 27. Nd5
Qa4 28. Nxf6+ gxf6 29. Qxf6 Qxa2 30. Rg3+ Kf8 31. Qh8+ Ke7 32. Qxe5+ Qe6 33.
Qg5+ Ke8 34. Qh4 Kd7 35. Qxh7 Kc8 36. Rg8 Qf6 37. Rxd8+ Kxd8 38. Kg1 Qe7 1-0

[Event "XXXIX C.to Italiano a squadre A1"]
[Site "ITA"]
[Date "2007.03.18"]
[Round "3"]
[White "Radice, Luca"]
[Black "Lapiccirella, Mattia"]
[Result "1-0"]
[WhiteElo "2076"]
[BlackElo "2237"]
[PlyCount "85"]
[EventDate "2007.02.18"]

1. d4 Nf6 2. c4 c5 3. d5 g6 4. Nc3 d6 5. e4 Bg7 6. f4 O-O 7. Nf3 e6 8. Be2 exd5
9. cxd5 Nbd7 10. e5 dxe5 11. fxe5 Ng4 12. Bg5 f6 13. exf6 Bxf6 14. Qd2 Nde5 15.
Bxf6 Qxf6 16. O-O Bf5 17. Nxe5 Qxe5 18. Bxg4 Bxg4 19. Rae1 Rxf1+ 20. Rxf1 Qd4+
21. Qf2 Rf8 22. Qxd4 cxd4 23. Rxf8+ Kxf8 24. Ne4 Bf5 25. Nc5 Bb1 26. a3 d3 27.
Kf2 b6 28. Ne4 Ke7 29. Ke3 Bc2 30. Kd4 Bb3 31. d6+ Ke6 32. Kxd3 Bd5 33. d7 Kxd7
34. Nf6+ Kd6 35. Kd4 Bxg2 36. Nxh7 Bd5 37. Ng5 a5 38. b4 axb4 39. axb4 Bg2 40.
Nf7+ Ke6 41. Ne5 Kf5 42. Nc4 b5 43. Ne3+ 1-0

[Event "XXXIX C.to Italiano a squadre A1"]
[Site "ITA"]
[Date "2007.03.18"]
[Round "3"]
[White "Rossi, Carlo"]
[Black "De Poi, Paolo"]
[Result "1/2-1/2"]
[WhiteElo "2349"]
[BlackElo "2209"]
[PlyCount "58"]
[EventDate "2007.02.18"]

1. e4 c5 2. Nf3 d6 3. c3 Nf6 4. Be2 Nbd7 5. d3 g6 6. O-O Bg7 7. Re1 O-O 8. Bf1
b6 9. d4 cxd4 10. cxd4 d5 11. e5 Ne4 12. Nc3 Nxc3 13. bxc3 Qc7 14. Ba3 Re8 15.
Rc1 Bh6 16. Rc2 Nf8 17. Bc1 Bg7 18. Ng5 Bf5 19. Bd3 Bxd3 20. Qxd3 f6 21. Nf3
Rac8 22. h4 Qc4 23. Qe3 f5 24. h5 b5 25. hxg6 hxg6 26. Ng5 b4 27. Bd2 bxc3 28.
Rxc3 Qxa2 29. Ra3 Qb2 1/2-1/2

[Event "XXXIX C.to Italiano a squadre A1"]
[Site "ITA"]
[Date "2007.03.18"]
[Round "3"]
[White "Sbarra, Marco"]
[Black "Guerra, Alessandro"]
[Result "1/2-1/2"]
[WhiteElo "2290"]
[BlackElo "2195"]
[PlyCount "136"]
[EventDate "2007.02.18"]

1. c4 e5 2. Nc3 Nf6 3. Nf3 Nc6 4. d4 exd4 5. Nxd4 Bb4 6. Bg5 h6 7. Bh4 O-O 8.
e3 Re8 9. Be2 Re4 10. Bxf6 Bxc3+ 11. bxc3 Qxf6 12. O-O Re7 13. Rb1 Ne5 14. c5
d6 15. cxd6 Qxd6 16. Nf3 b6 17. Qxd6 cxd6 18. Rbd1 Be6 19. Rxd6 Bxa2 20. Ra1
Bc4 21. Bxc4 Nxc4 22. Rd4 Rc7 23. Kf1 Na5 24. Rd3 Nb3 25. Ra3 Nc5 26. Rd4 Rac8
27. Ke2 b5 28. Nd2 a6 29. g4 Rc6 30. Ne4 Na4 31. Rd7 Re6 32. f3 Nb2 33. Ra7
Rcc6 34. Ra1 g6 35. Rb1 Na4 36. Kd2 f5 37. gxf5 gxf5 38. Rg1+ Rg6 39. Rxg6+
Rxg6 40. Ng3 Rd6+ 41. Kc2 Rf6 42. Kd3 Rd6+ 43. Kc2 Rf6 44. Rc7 Nb6 45. Rc5 Nc4
46. f4 Nxe3+ 47. Kd3 Ng2 48. Rxf5 Nxf4+ 49. Ke4 Rxf5 50. Nxf5 Ne2 51. Kd3 Nf4+
52. Ke4 Ne2 53. Kd3 Nxc3 54. Kxc3 Kh7 55. Ne7 Kg7 56. Kd4 a5 57. Kc5 a4 58. Nd5
a3 59. Nc3 Kg6 60. Kxb5 Kf5 61. Kb4 Kg4 62. Kxa3 Kh3 63. Nd5 Kxh2 64. Nf6 Kg3
65. Kb3 Kf4 66. Kc3 Kf5 67. Nh5 Kg5 68. Ng7 Kg6 1/2-1/2

[Event "XXXIX C.to Italiano a squadre A1"]
[Site "ITA"]
[Date "2007.03.18"]
[Round "3"]
[White "Schacher, Gerd"]
[Black "Capaliku, Aleks"]
[Result "1-0"]
[WhiteElo "2288"]
[BlackElo "2107"]
[PlyCount "101"]
[EventDate "2007.02.18"]

1. Nf3 f5 2. c4 Nf6 3. g3 e6 4. Bg2 d5 5. O-O Bd6 6. Nc3 c6 7. d3 dxc4 8. dxc4
O-O 9. e4 Qc7 10. Qe2 fxe4 11. Ng5 h6 12. Ngxe4 Nxe4 13. Nxe4 Be7 14. Qh5 Bf6
15. Bf4 Qf7 16. Nxf6+ Qxf6 17. Bd6 Rd8 18. Rad1 Nd7 19. Be4 Nf8 20. Be5 Qe7 21.
Rxd8 Qxd8 22. Rd1 Bd7 23. Rd3 Qg5 24. Qxg5 hxg5 25. Bd6 Be8 26. Be7 g4 27. Bxf8
Kxf8 28. c5 Ke7 29. Rb3 Rb8 30. Bd3 b5 31. cxb6 Rxb6 32. Rxb6 axb6 33. Be2 e5
34. Bxg4 Bf7 35. a3 Kd6 36. Kf1 Kd5 37. Bd1 Kd4 38. Ke2 e4 39. Kd2 b5 40. h4
Be8 41. Bg4 c5 42. Be2 b4 43. axb4 cxb4 44. Bd1 Bf7 45. h5 Be6 46. g4 Bd7 47.
g5 Ke5 48. Ke3 Kf5 49. h6 gxh6 50. gxh6 Kg6 51. Kxe4 1-0

[Event "XXXIX C.to Italiano a squadre A1"]
[Site "ITA"]
[Date "2007.03.18"]
[Round "3"]
[White "Tamai, Roberto"]
[Black "Stangl, Markus"]
[Result "1/2-1/2"]
[WhiteElo "2286"]
[BlackElo "2465"]
[PlyCount "81"]
[EventDate "2007.02.18"]

1. e4 c5 2. Nf3 d6 3. d4 cxd4 4. Nxd4 Nf6 5. Nc3 a6 6. Bg5 e6 7. f4 b5 8. Bd3
h6 9. Bh4 b4 10. Nce2 Be7 11. O-O Nbd7 12. Kh1 Bb7 13. Qe1 a5 14. e5 dxe5 15.
Nxe6 fxe6 16. Bg6+ Kf8 17. fxe5 Nxe5 18. Nf4 Nxg6 19. Nxe6+ Kf7 20. Nxd8+ Rhxd8
21. Bxf6 Bxf6 22. a3 Rac8 23. Qe3 Nh4 24. Rf2 bxa3 25. Re1 Re8 26. Qb3+ Kf8 27.
Ref1 Re7 28. bxa3 Rc5 29. Qg3 Nxg2 30. Rxf6+ gxf6 31. Rxf6+ Ke8 32. Qg6+ Kd7
33. Kg1 Ne3 34. h4 Nd5 35. Qg4+ Kd8 36. Qg8+ Kd7 37. Qg4+ Kd8 38. Qg8+ Re8 39.
Rf8 Nc7 40. Qg7 Bc6 41. Qxh6 1/2-1/2